The dark side of valuation : (Record no. 38245)

MARC details
000 -LEADER
fixed length control field 00802nam a22002177a 4500
005 - DATE AND TIME OF LATEST TRANSACTION
control field 2010073007457.0
010 ## - LCCN (DPL NO)
LC control number ENG-97388
020 ## - INTERNATIONAL STANDARD BOOK NUMBER
International Standard Book Number 9788131718520
Terms of availability 530.00
035 ## - SYSTEM CONTROL NUMBER
System control number 80921
037 ## - SOURCE OF ACQUISITION
Source of stock number/acquisition DBAD/VAN
082 ## - DEWEY DECIMAL CLASSIFICATION NUMBER
Classification number 658.155
100 ## - MAIN ENTRY--PERSONAL NAME
Personal name Damodaran, Aswath
245 ## - TITLE STATEMENT
Title The dark side of valuation :
Remainder of title valuing old technology new technology and new economy companies /
Statement of responsibility, etc by Aswath Damodaran
260 ## - PUBLICATION, DISTRIBUTION, ETC. (IMPRINT)
Place of publication, distribution, etc New Delhi
Name of publisher, distributor, etc Dorling Kindersley
Date of publication, distribution, etc 2009
270 ## - ADDRESS
Address 482,F I E Patparganj
City Delhi
Postal code 110092
300 ## - PHYSICAL DESCRIPTION
Extent xvii,479p
Dimensions 21cm. (pbk)
500 ## - GENERAL NOTE
General note includes index
942 ## - ADDED ENTRY ELEMENTS (KOHA)
Source of classification or shelving scheme Dewey Decimal Classification
Item type English Books
Classification part 658.155
Call number suffix DAM
Holdings
Withdrawn status Lost status Not for loan Collection code Home library Current library Date acquired Source of acquisition Cost, normal purchase price Full call number Barcode Copy number Cost, replacement price Koha item type
    Not For Loan Non-fiction D.B.Act.Division D.B.Act.Division 30/07/2010 DBAD/VAN 530.00 658.155 DAM EN-80921 1 530.00 English Books

© Delhi Public Library
Hit Counter
free hit counter